000 00601nam a22001817a 4500
999 _c186959
_d186959
005 20220406124806.0
010 _aENG-132104
020 _a9788121931465
_c575.00
035 _aEN-115636
037 _bDBAD/PUB
082 _a624.1
100 _aDayaratnam, P
245 _aStructural Engineering:
_bConventional And Objective Type/
_cP Dayaratnam
260 _aNew Delhi
_bS.Chand And Company Limited
_c2009
270 _a7361,Ram Nagar, Qutab Road
_bNew Delhi
_e110055
_k23672080
_minfo@schandpublishing.com
300 _axxii,577p
_c24cm(pbk)
942 _2ddc
_cEN
_h624.1
_mDAY